<?xml version="1.0" encoding="UTF-8"?>
<collection xmlns="http://www.loc.gov/MARC21/slim">
 <record>
  <leader>01339nam a2200229Ia 4500</leader>
  <controlfield tag="001">TDMU_6966</controlfield>
  <controlfield tag="008">210410s9999    xx            000 0 und d</controlfield>
  <datafield tag="082" ind1=" " ind2=" ">
   <subfield code="a">796.815</subfield>
  </datafield>
  <datafield tag="090" ind1=" " ind2=" ">
   <subfield code="b">H458</subfield>
  </datafield>
  <datafield tag="100" ind1=" " ind2=" ">
   <subfield code="a">HôÌ€, HoaÌ€ng KhaÌnh</subfield>
  </datafield>
  <datafield tag="245" ind1=" " ind2="0">
   <subfield code="a">25 BaÌ€i quyêÌ€n Teakwondo</subfield>
  </datafield>
  <datafield tag="245" ind1=" " ind2="0">
   <subfield code="b">PhâÌ€n haÌ£</subfield>
  </datafield>
  <datafield tag="245" ind1=" " ind2="0">
   <subfield code="c">HôÌ€ HoaÌ€ng KhaÌnh, TrâÌ€m Khoan LôÌ£c</subfield>
  </datafield>
  <datafield tag="260" ind1=" " ind2=" ">
   <subfield code="a">H.</subfield>
  </datafield>
  <datafield tag="260" ind1=" " ind2=" ">
   <subfield code="b">ThêÌ‰ duÌ£c thêÌ‰ thao</subfield>
  </datafield>
  <datafield tag="260" ind1=" " ind2=" ">
   <subfield code="c">2000</subfield>
  </datafield>
  <datafield tag="300" ind1=" " ind2=" ">
   <subfield code="a">131tr.</subfield>
  </datafield>
  <datafield tag="520" ind1=" " ind2=" ">
   <subfield code="a">GiơÌi thiêÌ£u caÌc khaÌi niêÌ£m, kyÌƒ thuâÌ£t cơ baÌ‰n, luâÌ£t thi đâÌu, hêÌ£ thôÌng quyêÌ€n phaÌp cuÌ‰a bôÌ£ môn Teakondo giuÌp cho viêÌ£c tiÌ€m hiêÌ‰u vaÌ€ tâÌ£p luyêÌ£n cuÌ‰a ngươÌ€i hoÌ£c bôÌ£ môn naÌ€y cuÌƒng như vâÌ£n đôÌ£ng viên, huâÌn luyêÌ£n viên tham khaÌ‰o vaÌ€ hoÌ£c tâÌ£p</subfield>
  </datafield>
  <datafield tag="650" ind1=" " ind2=" ">
   <subfield code="a">ThêÌ‰ duÌ£c thêÌ‰ thao; ThêÌ‰ duÌ£c; ThêÌ‰ thao; VoÌƒ thuâÌ£t; Teakondo; BaÌ€i quyêÌ€n</subfield>
  </datafield>
  <datafield tag="700" ind1=" " ind2=" ">
   <subfield code="a">TrâÌ€m, Khoan LôÌ£c</subfield>
  </datafield>
  <datafield tag="856" ind1=" " ind2=" ">
   <subfield code="u">http://lrc.tdmu.edu.vn/opac/search/detail.asp?aID=2&amp;ID=6966</subfield>
  </datafield>
  <datafield tag="980" ind1=" " ind2=" ">
   <subfield code="a">Trung tâm Học liệu Trường Đại học Thủ Dầu Một</subfield>
  </datafield>
 </record>
</collection>
